000
00301nam a2200121Ia 4500
005
20251222142014.0
008
251222s9999||||xx |||||||||||||| ||spa||
020
_a
978-607-7652-10-6
082
_a
741.6/A57
245
0
_a
El Bicentenario a la Luz del Diseño
264
_b
Grupo Infagón
942
_c
LIB
999
_c
10414
_d
10414